000
00333nam a2200133Ia 4500
008
240624s9999 xx 000 0 und d
041
_a
eng
082
_a
920 ASH
100
_a
VIVEKANAND SWAMI
245
_a
COMPLETE WORKS OF SWAMI VIVEKANAND
260
_c
1964
_a
New Delhi
_b
Advaita Ashrama
300
_a
5062 : p.
440
_v
vol 5
999
_c
17206
_d
17206